Dominion Landscapes - Statistics

General Stats
  • This quiz has been taken 27 times
  • The average score is 115 of 202
Answer Stats
Type Set Price Answer % Correct
Event Empires $14 Dominate
94%
Event Empires 8D Donate
94%
Boon Nocturne - The Sea's Gift
94%
Boon Nocturne - The Wind's Gift
94%
Way Menagerie - Way of the Goat
94%
Way Menagerie - Way of the Horse
94%
Way Menagerie - Way of the Otter
94%
Artifact Renaissance - Key
88%
Boon Nocturne - The River's Gift
88%
Event Empires 5D Triumph
88%
Event Adventures $0 Borrow
81%
Project Renaissance $7 Canal
81%
Trait Plunder - Cheap
81%
State Nocturne - Envious
81%
Artifact Renaissance - Flag
81%
Artifact Renaissance - Horn
81%
Artifact Renaissance - Lantern
81%
State Nocturne - Lost In The Woods
81%
State Nocturne - Miserable
81%
Event Menagerie $2 Ride
81%
Boon Nocturne - The Earth's Gift
81%
Boon Nocturne - The Mountain's Gift
81%
Way Menagerie - Way of the Mouse
81%
Way Menagerie - Way of the Pig
81%
Way Menagerie - Way of the Turtle
81%
Project Renaissance $5 Academy
75%
Event Empires 8D Annex
75%
Landmark Empires - Aqueduct
75%
Project Renaissance $6 Barracks
75%
Landmark Empires - Baths
75%
Project Renaissance $3 Cathedral
75%
Event Plunder $2 Deliver
75%
State Nocturne - Deluded
75%
Hex Nocturne - Envy
75%
Hex Nocturne - Greed
75%
Event Adventures $1 Save
75%
Trait Plunder - Shy
75%
Event Promo $5 Summon
75%
Boon Nocturne - The Flame's Gift
75%
Boon Nocturne - The Swamp's Gift
75%
Event Adventures $2 Travelling Fair
75%
State Nocturne - Twice Miserable
75%
Landmark Empires - Wall
75%
Way Menagerie - Way of the Ox
75%
Way Menagerie - Way of the Sheep
75%
Event Empires $4 3D Wedding
75%
Project Renaissance $8 Citadel
69%
Trait Plunder - Cursed
69%
Hex Nocturne - Delusion
69%
Trait Plunder - Hasty
69%
Event Plunder $10 Invasion
69%
Ally Allies - Island Folk
69%
Event Plunder $6 Looting
69%
Hex Nocturne - Misery
69%
Event Menagerie $10 Populate
69%
Hex Nocturne - Poverty
69%
Event Plunder $10 Prosper
69%
Event Adventures $0 Quest
69%
Event Adventures $5 Raid
69%
Trait Plunder - Reckless
69%
Boon Nocturne - The Field's Gift
69%
Boon Nocturne - The Forest's Gift
69%
Boon Nocturne - The Moon's Gift
69%
Boon Nocturne - The Sky's Gift
69%
Boon Nocturne - The Sun's Gift
69%
Artifact Renaissance - Treasure Chest
69%
Hex Nocturne - War
69%
Way Menagerie - Way of the Mole
69%
Way Menagerie - Way of the Owl
69%
Way Menagerie - Way of the Rat
69%
Way Menagerie - Way of the Worm
69%
Event Adventures $0 Alms
63%
Ally Allies - Architects Guild
63%
Ally Allies - Band of Nomads
63%
Event Menagerie $4 Bargain
63%
Project Renaissance $3 City Gate
63%
Landmark Empires - Fountain
63%
Trait Plunder - Friendly
63%
Event Adventures $7 Inheritance
63%
Landmark Empires - Keep
63%
Hex Nocturne - Locusts
63%
Ally Allies - Mountain Folk
63%
Event Adventures $8 Pathfinding
63%
Event Adventures $3 Plan
63%
Trait Plunder - Rich
63%
Event Menagerie $4 Seize The Day
63%
Project Renaissance $4 Sinister Plot
63%
Way Menagerie - Way of the Camel
63%
Way Menagerie - Way of the Frog
63%
Way Menagerie - Way of the Monkey
63%
Event Empires $5 Windfall
63%
Landmark Empires - Wolf Den
63%
Landmark Empires - Arena
56%
Landmark Empires - Basilica
56%
Landmark Empires - Battlefield
56%
Event Empires $6 Conquest
56%
Project Renaissance $6 Crop Rotation
56%
Landmark Empires - Defiled Shrine
56%
Event Menagerie $8 Enclave
56%
Project Renaissance $4 Fair
56%
Hex Nocturne - Haunting
56%
Project Renaissance $6 Innovation
56%
Event Adventures $6 Lost Arts
56%
Trait Plunder - Nearby
56%
Landmark Empires - Obelisk
56%
Landmark Empires - Palace
56%
Project Renaissance $5 Piazza
56%
Hex Nocturne - Plague
56%
Event Adventures $2 Scouting Party
56%
Event Adventures $5 Seaway
56%
Project Renaissance $3 Star Chart
56%
Event Adventures $6 Training
56%
Way Menagerie - Way of the Butterfly
56%
Way Menagerie - Way of the Chameleon
56%
Way Menagerie - Way of the Mule
56%
Way Menagerie - Way of the Seal
56%
Event Menagerie $10 Alliance
50%
Hex Nocturne - Bad Omens
50%
Event Plunder $1 Bury
50%
Ally Allies - Circle of Witches
50%
Event Menagerie $0 Desperation
50%
Event Menagerie $3 Enhance
50%
Event Adventures $3 Expedition
50%
Hex Nocturne - Fear
50%
Ally Allies - Gang of Pickpockets
50%
Trait Plunder - Inherited
50%
Event Plunder $4 Journey
50%
Ally Allies - League of Bankers
50%
Event Plunder $4 Maelstrom
50%
Landmark Empires - Orchard
50%
Ally Allies - Order of Masons
50%
Trait Plunder - Pious
50%
Event Plunder $3 Prepare
50%
Event Menagerie $7 Reap
50%
Event Empires $4 Ritual
50%
Project Renaissance $3 Sewers
50%
Project Renaissance $4 Silos
50%
Way Menagerie - Way of the Squirrel
50%
Event Empires $0 Advance
44%
Event Empires $3 Banquet
44%
Event Adventures $3 Bonfire
44%
Project Renaissance $5 Capitalism
44%
Landmark Empires - Colonnade
44%
Event Menagerie $5 Demand
44%
Project Renaissance $4 Exploration
44%
Ally Allies - Family of Inventors
44%
Event Adventures $3 Ferry
44%
Project Renaissance $5 Fleet
44%
Ally Allies - League of Shopkeepers
44%
Event Adventures $4 Mission
44%
Landmark Empires - Mountain Pass
44%
Ally Allies - Order of Astrologers
44%
Trait Plunder - Patient
44%
Project Renaissance $5 Road Network
44%
Event Empires $4 Salt The Earth
44%
Trait Plunder - Tireless
44%
Event Menagerie $2 Toil
44%
Landmark Empires - Tomb
44%
Landmark Empires - Triumphal Arch
44%
Ally Allies - Woodworkers' Guild
44%
Landmark Empires - Bandit Fort
38%
Event Menagerie $4 Banish
38%
Event Empires $2 Delve
38%
Ally Allies - Desert Guides
38%
Hex Nocturne - Famine
38%
Trait Plunder - Fawning
38%
Event Plunder $3 Foray
38%
Ally Allies - Forest Dwellers
38%
Event Menagerie $2 Gamble
38%
Project Renaissance $5 Guildhall
38%
Landmark Empires - Labyrinth
38%
Event Plunder $3 Launch
38%
Ally Allies - Market Towns
38%
Landmark Empires - Museum
38%
Project Renaissance $3 Pageant
38%
Ally Allies - Peaceful Cult
38%
Event Adventures $4 Pilgrimage
38%
Event Menagerie $2 Pursue
38%
Event Plunder $2 Rush
38%
Event Empires $2 Tax
38%
Event Adventures $5 Trade
38%
Ally Allies - Trappers' Lodge
38%
Event Plunder $2 Avoid
31%
Event Adventures $5 Ball
31%
Ally Allies - Cave Dwellers
31%
Ally Allies - City-State
31%
Event Menagerie $0 Delay
31%
Trait Plunder - Fated
31%
Event Plunder $2 Peril
31%
Ally Allies - Plateau Shepherds
31%
Event Menagerie $5 Stampede
31%
Ally Allies - Crafters' Guild
25%
Trait Plunder - Inspiring
25%
Event Menagerie $4 Invest
25%
Event Plunder $3 Mirror
25%
Event Plunder $3 Scrounge
25%
Landmark Empires - Tower
25%
Event Menagerie $3 Transport
25%
Ally Allies - Coastal Haven
19%
Event Menagerie $5 Commerce
19%
Ally Allies - Fellowship of Scribes
19%
Event Menagerie $3 March
19%
No matching quizzes found
Score Distribution
Percent of People with Each Score
Percentile by Number Answered
Your Score History
You have not taken this quiz